AI in Health : A Leader's guide to winning in the new age of intelligent health systems (Record no. 46577)

MARC details
000 -LEADER
fixed length control field 00563nam a22001697a 4500
005 - DATE AND TIME OF LATEST TRANSACTION
control field 20260514095423.0
008 - FIXED-LENGTH DATA ELEMENTS--GENERAL INFORMATION
fixed length control field 260514b |||||||| |||| 00| 0 eng d
020 ## - INTERNATIONAL STANDARD BOOK NUMBER
International Standard Book Number 9781041051749
041 ## - LANGUAGE CODE
Language code of text/sound track or separate title Eng
082 ## - DEWEY DECIMAL CLASSIFICATION NUMBER
Classification number 362.10285 LAW
100 ## - MAIN ENTRY--PERSONAL NAME
Author Lawry, Tom
245 ## - TITLE STATEMENT
Title AI in Health : A Leader's guide to winning in the new age of intelligent health systems
260 ## - PUBLICATION, DISTRIBUTION, ETC.
Place Boca Raton
Publisher CRC Press/Taylor & Francis Group
Publication Year 2020
300 ## - PHYSICAL DESCRIPTION
Extent 203;. P. 24 cm
650 ## - SUBJECT ADDED ENTRY--TOPICAL TERM
Subject Artificial Intelligence; Delivery of Health Care--organization & administration
942 ## - ADDED ENTRY ELEMENTS (KOHA)
Koha item type Books
Holdings
Withdrawn status Lost status Source of classification or shelving scheme Damaged status Not for loan Home library Current library Shelving location Accession Date Vendor Price Bill number Total Checkouts Full call number Barcode No Date last seen Discount Cost, replacement price Bill Date Koha item type Suggested By
    Dewey Decimal Classification     IMTN IMTN Rack 15-A 05/14/2026 Raghav Books Private Limited 1495.00 2630   362.10285 LAW 34044 05/14/2026 30 1046.50 05/14/2026 Books Recommended by Dr. Anant Ram
Designed & Maintained by: LRC IMT Nagpur Contact: lrc@imtnag.ac.in© 2024. All Rights Reserved.